000 00691nam a2200205Ia 4500
003 OSt
005 20230901161412.0
008 230808t1993||||xx |||||||||||||| ||und||
020 _a8479031204
040 _aODONTO
_bspa
_cODONTO
_dODONTO
041 _aspa
082 _a617.522 S482
100 1 _aSchroeder, André
_96366
245 0 _aImplantología oral:
_bel sistema ITI
_cAndré Schroeder; Franz Sutter y Gisbert Krekeler ; tr. Pilar Rodríguez López.--
260 _aMadrid :
_bMédica Panamericana,
_c1993.
300 _axvi, 376 p. :
_bil. ;
_c16 cm.
650 0 2 _aCirugía bucal
_9379
650 0 2 _aImplantes dentales
_9382
942 _aBiblioteca de Odontología
_cBK
_k617.522 S482
_2ddc
999 _c2128
_d2128